[Event "16th Battle of Senta Open A"]
[Site "Senta SRB"]
[Date "2012.07.21"]
[Round "9.7"]
[White "Vucinic,G"]
[Black "Andrijevic,M"]
[Result "0-1"]
[WhiteElo "2150"]
[BlackElo "2345"]

1.e4 c5 2.Nf3 a6 3.Nc3 e6 4.d4 cxd4 5.Nxd4 Qc7 6.Bd3 Nc6 7.Nxc6 dxc6 8.O-O e5
9.f4 Nf6 10.f5 Be7 11.Qe2 b5 12.a4 Bb7 13.Kh1 h6 14.Bd2 O-O 15.g4 Nh7 16.Rg1 Rad8
17.Raf1 b4 18.Nb1 c5 19.g5 Bxg5 20.h4 Bxd2 21.Nxd2 Qe7 22.Qg4 Qf6 23.Nb3 c4
24.Bxc4 h5 25.Qxh5 Bxe4+ 26.Kh2 Kh8 27.Nc5 Bxc2 28.Rg2 Rd4 29.Rg4 Rfd8 30.Rfg1 Rxg4
31.Rxg4 Bxf5 32.Ne4 Bxg4 33.Qxg4 Qe7 34.Bxa6 Nf6 35.Qg5 Qe6 36.Bb7 Rb8 37.Nxf6 Qxf6
38.Qxf6 gxf6 39.Bd5 Rd8 40.Bxf7 Rd2+ 41.Kg3 Rxb2  0-1

[Event "5th Paleochora Open"]
[Site "Paleochora GRE"]
[Date "2012.07.22"]
[Round "8.16"]
[White "Tzouganakis,P"]
[Black "Sivuk,V"]
[Result "0-1"]
[WhiteElo "2096"]
[BlackElo "2467"]

1.e4 c5 2.Nf3 e6 3.d4 cxd4 4.Nxd4 a6 5.Nc3 Qc7 6.Bd3 Nf6 7.O-O Nc6 8.Be3 Be7
9.Kh1 b5 10.a3 Ne5 11.h3 Bb7 12.Qe2 Rc8 13.f4 Nxd3 14.cxd3 d6 15.Rac1 Qb8
16.Rc2 O-O 17.Rfc1 Nd7 18.b4 Bf6 19.Nb3 Ba8 20.Qd2 g6 21.Ne2 Bg7 22.Na5 Rxc2
23.Qxc2 f5 24.Qb3 Qe8 25.Nd4 d5 26.e5 g5 27.Re1 g4 28.Qd1 Qg6 29.h4 Nxe5
30.fxe5 f4 31.Bc1 Qh5 32.Qe2 Qxh4+ 33.Kg1 f3 34.gxf3 Qg3+ 35.Kf1 gxf3 36.Qf2 Qh3+
37.Kg1 Kh8 38.Re3 Rg8 39.Qxf3 Bxe5+ 40.Kf2 Qh2+  0-1

[Event "23rd Czech Open A"]
[Site "Pardubice CZE"]
[Date "2012.07.22"]
[Round "3.74"]
[White "Kearns,C"]
[Black "Meskovs,N"]
[Result "0-1"]
[WhiteElo "2105"]
[BlackElo "2347"]

1.e4 c5 2.Nf3 e6 3.d4 cxd4 4.Nxd4 a6 5.Nc3 Qc7 6.Bd3 Nf6 7.O-O b5 8.e5 b4
9.Ncb5 Qxe5 10.Qf3 Nd5 11.c4 bxc3 12.Nxc3 Bd6 13.Qg3 Qxg3 14.hxg3 Nxc3 15.bxc3 f5
16.g4 g6 17.Re1 Kf7 18.gxf5 gxf5 19.Rb1 Ra7 20.Bxf5 exf5 21.Nxf5 Bc7 22.Re7+ Kg6
23.g4 h6 24.Bxh6 Rh7 25.Re8 Bb7 26.Rbe1 Bd5 27.f4 Nc6 28.Rf8 Rxh6 29.Nxh6 Kxh6
30.Rf6+ Kg7 31.g5 Rb7 32.f5 Ne5 33.Rd1 Be4 34.Rxa6 Rb2 35.f6+ Kf7 36.g6+ Kxg6
37.Kf1 Bb6 38.Rd4 Bd3+  0-1

[Event "23rd Czech Open A"]
[Site "Pardubice CZE"]
[Date "2012.07.22"]
[Round "3.88"]
[White "Bures,J"]
[Black "Feldtmann,T"]
[Result "1-0"]
[WhiteElo "2392"]
[BlackElo "2257"]

1.e4 c5 2.Nf3 e6 3.d4 cxd4 4.Nxd4 a6 5.Nc3 Qc7 6.Bd3 Nf6 7.O-O Bc5 8.Nb3 Be7
9.f4 d6 10.a4 Nc6 11.a5 b5 12.axb6 Qxb6+ 13.Kh1 O-O 14.Qe2 Nb4 15.Be3 Qc7
16.Nb5 Qb8 17.N5d4 e5 18.Nf5 Bxf5 19.exf5 Nxd3 20.Qxd3 Qc8 21.Nd2 Qc7 22.b3 Rfc8
23.Nc4 Rcb8 24.Qd1 Rb5 25.fxe5 dxe5 26.Qe2 Bb4 27.Bg5 Nd7 28.f6 g6 29.Ne3 Nb6
30.Rxa6 Ra5 31.Rxa8+ Rxa8 32.Rd1 h5 33.Qd3 Qc6 34.c4 e4 35.Qe2 Ra5 36.h4 Bc3
37.Qf2 Kh7 38.Rc1 Bb4 39.Rd1 Qa8 40.Qf4 Ra3 41.Nc2 Rxb3 42.Qc7 Bf8 43.Rd8  1-0

[Event "23rd Czech Open A"]
[Site "Pardubice CZE"]
[Date "2012.07.22"]
[Round "3.11"]
[White "Rojicek,V"]
[Black "Ivanov,Ol UKR"]
[Result "1-0"]
[WhiteElo "2438"]
[BlackElo "2506"]

1.e4 c5 2.Nf3 a6 3.Nc3 e6 4.d4 cxd4 5.Nxd4 b5 6.Bd3 d6 7.Qe2 Nf6 8.Bd2 Nbd7
9.a4 bxa4 10.Nxa4 Ne5 11.O-O Bb7 12.Nb3 Be7 13.Na5 Qc7 14.f4 Nxd3 15.cxd3 Rc8
16.Rfc1 Qb8 17.Rxc8+ Qxc8 18.Qf2 Bd8 19.Nc4 Nxe4 20.Qd4 d5 21.Qxg7 Bf6 22.Nd6+ Nxd6
23.Qxf6 Rg8 24.Rc1 Qb8 25.Ba5 d4 26.Bc7 Rxg2+ 27.Kf1 Qc8 28.Qh8+  1-0

[Event "5th Paleochora Open"]
[Site "Paleochora GRE"]
[Date "2012.07.23"]
[Round "9.29"]
[White "Valenti,G"]
[Black "Kalogeris,I"]
[Result "1-0"]
[WhiteElo "2190"]
[BlackElo "1923"]

1.e4 c5 2.Nf3 e6 3.d4 cxd4 4.Nxd4 a6 5.Nc3 Qc7 6.g3 b5 7.Bg2 Bb7 8.O-O d6
9.Re1 Nd7 10.a4 bxa4 11.Rxa4 Nc5 12.Ra1 Ne7 13.Ndb5 axb5 14.Nxb5 Qb6 15.Nxd6+ Qxd6
16.Qxd6 Nc8 17.Qe5 f6 18.Qc3 Rxa1 19.b4 Rxc1 20.Rxc1 Na6 21.Qc4 Kf7 22.Bh3 Bxb4
23.Qxe6+ Kg6 24.Qf5+ Kh6 25.g4 g6 26.Qf4+ Kg7 27.Rd1 g5 28.Rd7+ Ne7 29.Qf3 Bc6
30.Ra7 Nb8 31.Qb3 Bc5 32.Qe6 Re8 33.Rc7 Bb4 34.e5 fxe5 35.Qxe5+ Kg6 36.Bf1 Rf8
37.Bd3+ Kf7 38.Bc4+ Ke8 39.Rc8+  1-0

[Event "23rd Czech Open A"]
[Site "Pardubice CZE"]
[Date "2012.07.23"]
[Round "4.22"]
[White "Kriebel,T"]
[Black "Schlosser,P"]
[Result "0-1"]
[WhiteElo "2393"]
[BlackElo "2596"]

1.e4 c5 2.Nf3 e6 3.d4 cxd4 4.Nxd4 a6 5.Nc3 b5 6.Bd3 d6 7.Qe2 Nf6 8.Bd2 Be7
9.O-O O-O 10.a4 b4 11.Na2 Qb6 12.c3 e5 13.a5 Qb7 14.Nf3 bxc3 15.bxc3 Nc6
16.Nb4 Nxb4 17.cxb4 Bd7 18.Rfe1 Rfe8 19.Rab1 h6 20.b5 axb5 21.Bxb5 Bd8 22.a6 Qa7
23.Bc4 Bc6 24.Be3 Qd7 25.Rec1 Nxe4 26.Rb7 Bxb7 27.Bb5 Bxa6 28.Bxd7 Bxe2 29.Bxe8 Nf6
30.Bc6 Rc8 31.h3 Kf8 32.Kh2 Ke7 33.Nh4 Bd3 34.f4 Ke6 35.f5+ Ke7 36.g4 Be4
37.Bxe4 Rxc1 38.Bxc1 Nxe4  0-1

[Event "ch-AUT 2012"]
[Site "Zwettl AUT"]
[Date "2012.07.23"]
[Round "3.21"]
[White "Frank,Emanuel"]
[Black "Kleiser,G"]
[Result "1/2-1/2"]
[WhiteElo "2053"]
[BlackElo "2269"]

1.e4 c5 2.Nf3 e6 3.d4 cxd4 4.Nxd4 a6 5.Nc3 Qb6 6.Nb3 d6 7.a4 Qc7 8.Be3 b6
9.Be2 Bb7 10.f4 Nf6 11.Bf3 Be7 12.O-O Nbd7 13.Kh1 O-O 14.g4 Rac8 15.g5 Ne8
16.Qe2 Qb8 17.Rad1 Qa8 18.Bg2 Rxc3 19.bxc3 Bxe4 20.c4 Nc7 21.Bd2 Bxg2+ 22.Qxg2 e5
23.Qxa8 Rxa8 24.Bb4 Ne8 25.a5 Rc8 26.axb6 Nxb6 27.fxe5 Nxc4 28.exd6 Nexd6
29.Rfe1 Bf8 30.Ra1 Ra8 31.Na5 Nxa5 32.Bxa5 Nc4 33.Re4 Rc8 34.Be1 Nd6 35.Re2 Nb5
36.Rxa6 Nd4 37.Rg2 Nxc2 38.Bd2 Nd4 39.Ra4 Nf3 40.Rf4 Ne5 41.Re2 Nc4 42.Be1 Nd6
43.Bb4 g6 44.Bxd6 Bxd6 45.Rf6 Bb4 46.Ref2 Rc7 47.R6f4 Bf8 48.h4  1/2-1/2

[Event "23rd Czech Open A"]
[Site "Pardubice CZE"]
[Date "2012.07.24"]
[Round "5.80"]
[White "Netzer,Ja"]
[Black "Simantsev,M"]
[Result "1-0"]
[WhiteElo "2239"]
[BlackElo "2531"]

1.e4 c5 2.Nf3 e6 3.d4 cxd4 4.Nxd4 a6 5.Nc3 b5 6.Bd3 Bb7 7.Be3 Nc6 8.O-O Qc7
9.a4 b4 10.Na2 Nf6 11.c3 Bd6 12.Nxc6 Bxc6 13.Nxb4 Bb7 14.a5 Nxe4 15.Bxe4 Bxe4
16.Bb6 Bxh2+ 17.Kh1 Qe5 18.Re1 Bf4 19.Nd3 Qf5 20.Nxf4 Qxf4 21.Qd4 Qh6+ 22.Kg1 Bc6
23.Bc5 Qg5 24.Re4 Rc8 25.Rg4 Qf6 26.Qd6 Bb7 27.Rd1 Rxc5 28.Qxc5 Qe7 29.Qb6 Bc6
30.Rxg7 Kf8 31.Rg3 h5 32.Qb8+ Qe8 33.Qe5 Ke7 34.Qd6+ Kf6 35.Rd4  1-0

[Event "23rd Czech Open A"]
[Site "Pardubice CZE"]
[Date "2012.07.24"]
[Round "5.103"]
[White "Stahnecker,L"]
[Black "Feldtmann,T"]
[Result "0-1"]
[WhiteElo "2099"]
[BlackElo "2257"]

1.e4 c5 2.Nf3 e6 3.d4 cxd4 4.Nxd4 a6 5.Nc3 Qc7 6.Be2 b5 7.O-O Bb7 8.Re1 Nc6
9.Nxc6 dxc6 10.e5 Rd8 11.Bd3 c5 12.Qg4 Ne7 13.Bg5 Rd4 14.Qh3 h6 15.Be3 Rd7
16.f4 c4 17.Be2 Nf5 18.Bf2 Bc5 19.Nd1 O-O 20.Bf3 Bxf3 21.Qxf3 Rd2 22.c3 Rfd8
23.Bxc5 Qxc5+ 24.Kh1 Nh4 25.Qe4 Nxg2 26.Rg1 Nxf4 27.Ne3 Nh3  0-1

[Event "27th Avoine Open"]
[Site "Avoine FRA"]
[Date "2012.07.25"]
[Round "5.31"]
[White "Louis,T"]
[Black "Primel,D"]
[Result "1-0"]
[WhiteElo "2151"]
[BlackElo "1983"]

1.e4 c5 2.Nc3 a6 3.Nf3 e6 4.d4 cxd4 5.Nxd4 Qc7 6.g3 Bb4 7.Bd2 Nc6 8.Nb3 Be7
9.Bg2 Nf6 10.O-O d6 11.f4 O-O 12.g4 Re8 13.Kh1 Bf8 14.g5 Nd7 15.Rf3 b5 16.Rh3 g6
17.Qe1 Bb7 18.Qh4 h5 19.gxh6 Kh7 20.Rf1 Be7 21.Qf2 Rac8 22.Rf3 Rf8 23.Qg3 Bf6
24.Bh3 b4 25.Nd1 Nd4 26.Nxd4 Bxd4 27.c3 bxc3 28.Bxc3 Qc5 29.Nf2 f5 30.Bxd4 Qxd4
31.Rd3 Qb6 32.Rb3 Qc7 33.Bg2 Nc5 34.Rc3 Qe7 35.exf5 Rxf5 36.b4 Na4 37.Rxc8 Bxc8
38.Rg1 Bb7 39.Ne4 Nb6 40.Bf3 Bxe4  1-0

[Event "30th Andorra Open"]
[Site "Erts-La Massana AND"]
[Date "2012.07.25"]
[Round "5.17"]
[White "Morros Faura,R"]
[Black "Wegerle,J"]
[Result "1/2-1/2"]
[WhiteElo "2171"]
[BlackElo "2421"]

1.e4 c5 2.Nf3 e6 3.d4 cxd4 4.Nxd4 a6 5.Nc3 Qc7 6.Be2 Nf6 7.O-O Nc6 8.Be3 Bb4
9.Nxc6 bxc6 10.Qd4 c5 11.Qc4 Bb7 12.Bf3 Qe5 13.Na4 Nxe4 14.Bxe4 Qxe4 15.Qxe4 Bxe4
16.c3 Ba5 17.Nxc5 Bd5 18.Rfd1 Bc6 19.b4 Bc7 20.a4 Ke7 21.c4 d6 22.b5 axb5
23.axb5 Rxa1 24.Rxa1 Ra8 25.Rxa8 Bxa8 26.Na6 Ba5 27.f3 Kd8 28.Kf2 Bb7 29.Ke2 Bxa6
30.bxa6 Kc7 31.a7 Kb7 32.c5 Kxa7 33.cxd6+ Kb7 34.Bc5 Kc6 35.Ba3 Bc3 36.f4 g6
37.Kd3 Bg7 38.g4 Kd7 39.f5 Be5 40.fxe6+ Kxe6 41.h4 Bxd6 42.Bc1 Be7 43.h5 gxh5
44.gxh5 Kf5 45.Ke2 Kg4 46.Kf2 f5 47.Bb2 Bc5+ 48.Kg2 f4 49.h6 f3+ 50.Kf1 Be3
51.Bg7 Kh5 52.Ke1 Bc5 53.Kf1 Kg5 54.Ke1 Kf4 55.Kf1 Be3 56.Ke1 Kg3 57.Kf1 Bf4
58.Bf8 Be3  1/2-1/2

[Event "23rd Czech Open A"]
[Site "Pardubice CZE"]
[Date "2012.07.25"]
[Round "6.39"]
[White "Simacek,P"]
[Black "Heydarli,K"]
[Result "1-0"]
[WhiteElo "2478"]
[BlackElo "2309"]

1.e4 c5 2.Nf3 e6 3.d4 cxd4 4.Nxd4 a6 5.Nc3 Qc7 6.g3 Nf6 7.Bg2 Nc6 8.O-O Be7
9.Re1 d6 10.Nxc6 bxc6 11.e5 dxe5 12.Rxe5 O-O 13.Bf4 Qb7 14.Na4 Nd5 15.Bd2 Qc7
16.Re1 Rd8 17.Qe2 Bb7 18.c4 Nb4 19.Bxb4 Bxb4 20.Red1 Qa5 21.Qc2 Be7 22.c5 Rxd1+
23.Rxd1 Rd8 24.a3 Rxd1+ 25.Qxd1 Qd8 26.Qxd8+ Bxd8 27.Nb6 Bc7 28.b4 Kf8 29.a4 Ke7
30.b5 Bxb6 31.cxb6 axb5 32.axb5 Kd6 33.bxc6  1-0

[Event "PAB Romania Open 2012"]
[Site "Arad ROU"]
[Date "2012.07.27"]
[Round "8.27"]
[White "Chetrari,Nikita"]
[Black "Stegariu,A"]
[Result "0-1"]
[WhiteElo "1748"]
[BlackElo "2137"]

1.e4 c5 2.Nf3 e6 3.d4 cxd4 4.Nxd4 a6 5.Nc3 Qc7 6.Be2 Nf6 7.O-O Be7 8.Be3 d6
9.f4 b5 10.Bf3 Bb7 11.e5 dxe5 12.fxe5 Qxe5 13.Bf2 Qc7 14.Qe2 O-O 15.Rfe1 Bc5
16.Kh1 Bxf3 17.Qxf3 Nbd7 18.Rad1 Nb6 19.Bh4 Nbd5 20.Ne4 Nxe4 21.Qxe4 Qf4
22.Qxf4 Nxf4 23.Bg3 Bxd4 24.Rxd4 Nd5 25.a3 Rac8 26.c3 Rc6 27.a4 Rfc8 28.axb5 axb5
29.Ra1 h6 30.Ra5 b4 31.Raxd5 exd5 32.Rxb4 Rc4 33.Rxc4 dxc4 34.Kg1 Rd8 35.Bf4 g5
36.Be3 Rd1+ 37.Kf2 Rb1 38.Kf3 Rxb2 39.h4 gxh4 40.Kg4 Rxg2+ 41.Kxh4 Kh7 42.Kh3 Rg6  0-1

[Event "30th Andorra Open"]
[Site "Erts-La Massana AND"]
[Date "2012.07.27"]
[Round "7.20"]
[White "Martinez Reyes,P"]
[Black "Wegerle,J"]
[Result "1/2-1/2"]
[WhiteElo "2198"]
[BlackElo "2421"]

1.e4 c5 2.Nf3 e6 3.Nc3 a6 4.d4 cxd4 5.Nxd4 b5 6.Bd3 Bb7 7.O-O Nc6 8.Nxc6 Bxc6
9.Re1 Bc5 10.e5 Qh4 11.Be3 Bxe3 12.Rxe3 f5 13.exf6 Nxf6 14.Rh3 Qf4 15.Ne2 Qc7
16.Ng3 O-O 17.Nh5 g6 18.Nxf6+ Rxf6 19.Qd2 Raf8 20.Rf1 Qe5 21.b3 Qd5 22.Rg3 Rf4
23.Qe3 Kg7 24.f3 R8f6 25.Re1 Qd4 26.Qxd4 Rxd4 27.h3 h5 28.Re5 h4 29.Rg4 Rxg4
30.hxg4 d6 31.Re3 e5 32.Be2 Kf7 33.Bd3 Rf4 34.Kf2 Kf6 35.g3 hxg3+ 36.Kxg3 g5
37.Be2 Ke6 38.Rc3 Kd7 39.Rd3 b4 40.Rd1 Bb5 41.Bxb5+ axb5 42.Rh1 e4 43.fxe4 Rxe4
44.Rh5 Re5 45.Kf3 Kc6 46.Rh8 Kc5 47.Rc8+ Kd4 48.Rc6 d5 49.Rb6 Re3+ 50.Kf2 Rc3
51.Rxb5 Rxc2+ 52.Kf3 Rc3+ 53.Kf2 Ke4 54.Rxb4+ d4 55.Rb5 Rc2+ 56.Ke1 Ke3 57.Re5+ Kd3
58.Rxg5 Re2+ 59.Kf1 Rxa2 60.Rh5 Kc3 61.Rc5+ Kxb3 62.g5 Kb4 63.Rc7 d3 64.Ke1 Rg2
65.g6 Rxg6 66.Kd2 Rg3 67.Rc8 Kb5 68.Rc3 Rg2+ 69.Kxd3 Rg3+ 70.Kc2 Rxc3+ 71.Kxc3  1/2-1/2

[Event "23rd Czech Open A"]
[Site "Pardubice CZE"]
[Date "2012.07.27"]
[Round "8.13"]
[White "Narayanan,Sri"]
[Black "Zakhartsov,Vi"]
[Result "1/2-1/2"]
[WhiteElo "2399"]
[BlackElo "2547"]

1.e4 c5 2.Nf3 e6 3.d4 cxd4 4.Nxd4 a6 5.Nc3 Qc7 6.f4 b5 7.Bd3 Bb7 8.Qe2 Nf6
9.e5 b4 10.Ne4 Nxe4 11.Bxe4 Bxe4 12.Qxe4 Nc6 13.Nxc6 dxc6 14.Be3 Rd8 15.Ke2  1/2-1/2

[Event "Open ch-BUL w 2012"]
[Site "Vratsa BUL"]
[Date "2012.07.27"]
[Round "7.6"]
[White "Olea,L"]
[Black "Bauyrzhan,Arnash"]
[Result "1/2-1/2"]
[WhiteElo "2014"]
[BlackElo "1801"]

1.e4 c5 2.Nf3 e6 3.d4 cxd4 4.Nxd4 a6 5.Nc3 Qc7 6.Be3 Nc6 7.Qd2 Nf6 8.f3 Bb4
9.g4 h6 10.a3 Be7 11.Bf4 d6 12.Nb3 Nd7 13.O-O-O Nde5 14.Be2 Bd7 15.Bg3 b5
16.f4 Nc4 17.Bxc4 bxc4 18.Nd4 Rb8 19.Nce2 Qa5 20.Qxa5 Nxa5 21.Nc3 O-O 22.h4 Rb7
23.Rde1 Rfb8 24.Nd1 Bf6 25.Bf2 e5 26.g5 exd4 27.gxf6 Nc6 28.Rhg1 g6 29.h5 Kh7
30.hxg6+ fxg6 31.f5 g5 32.Bg3 Ne5 33.Re2 Rf8 34.Bf2 d3 35.cxd3 Nxd3+ 36.Kb1 Rxf6
37.Bd4 Ne5  1/2-1/2

[Event "21st Kavala Open A"]
[Site "Kavala GRE"]
[Date "2012.07.28"]
[Round "5"]
[White "Valsecchi,A"]
[Black "Bosiocic,Mari"]
[Result "1-0"]
[WhiteElo "2425"]
[BlackElo "2570"]

1.e4 c5 2.Nf3 e6 3.d4 cxd4 4.Nxd4 a6 5.Nc3 Qc7 6.Be2 Nf6 7.O-O Nc6 8.Be3 Bb4
9.Na4 Be7 10.Nxc6 bxc6 11.Nb6 Rb8 12.Nxc8 Qxc8 13.e5 Nd5 14.Bc1 Bc5 15.c4 Ne7
16.b3 O-O 17.Bb2 Qc7 18.Bd3 a5 19.Qh5 g6 20.Qg5 a4 21.Bc2 Qd8 22.Rad1 axb3
23.axb3 Nf5 24.Qd2 Rb7 25.Bc3 Qe7 26.Qf4 Qh4 27.Qxh4 Nxh4 28.Ra1 g5 29.Rfd1 Be7
30.Ra5 Kg7 31.Rd3 Ng6 32.g3 Bd8 33.Ra8 Be7 34.Ra1 f5 35.Rad1 Rd8 36.Ra1 Kf7
37.Ra4 c5 38.Ra6 Bf8 39.h3 Bg7 40.Re3 h5 41.Kf1 h4 42.Rf3 hxg3 43.fxg3 Rf8
44.Ke2 Bxe5 45.Bxf5 exf5 46.Bxe5 Ne7 47.Rf6+ Ke8 48.Rxf8+ Kxf8 49.Bd6 Kf7
50.Bxc5 d5 51.Bxe7 Rxe7+ 52.Re3 Rd7 53.c5 f4 54.gxf4 gxf4 55.c6 Rc7 56.Rc3 Ke6
57.b4 d4 58.Rc5 Kd6 59.h4 Re7+ 60.Kf2 Kc7 61.b5 Re8 62.Rd5 Kb6 63.Kf3 Rh8
64.h5 d3 65.Kxf4 d2 66.Kg4 Rg8+ 67.Kh4 Rg2 68.h6 Re2 69.Rd7 Kxb5 70.c7 Re4+
71.Kg5 Rc4 72.Rxd2 Rxc7 73.Rb2+  1-0

[Event "23rd Czech Open A"]
[Site "Pardubice CZE"]
[Date "2012.07.28"]
[Round "9.41"]
[White "Simacek,P"]
[Black "Coleman,T"]
[Result "1/2-1/2"]
[WhiteElo "2478"]
[BlackElo "2379"]

1.e4 c5 2.Nf3 e6 3.d4 cxd4 4.Nxd4 a6 5.Nc3 Qc7 6.g3 Bb4 7.Ne2 Nf6 8.Bg2 Be7
9.O-O Nc6 10.a4 d6 11.b3 O-O 12.h3 Rb8 13.Bf4 b5 14.axb5 axb5 15.Qd3 Nb4
16.Qd2 e5 17.Be3 Na6 18.g4 b4 19.Na4 Rd8 20.Ng3 Nc5 21.g5 Ne8 22.f4 Ba6 23.Rfd1 exf4
24.Bxf4 Ne6 25.Nf5 Nxf4 26.Qxf4 Bf8 27.Ne3 Qe7 28.Nb2 Bb5 29.Bf1 Nc7 30.Ra5 Bc6
31.Nd5 Nxd5 32.exd5 Be8 33.Bc4 g6 34.Nd3 Bg7 35.Re1 Qc7 36.Ra6 Bb5 37.Bxb5 Rxb5
38.Qc1 Qd7 39.Kg2 Bc3 40.Rf1 Rb7 41.Qf4 Qe7 42.Rc6 Rb5 43.h4 Rxd5 44.Rc4 Re8
45.Qg4 Qa7 46.Rf2 Kg7 47.Nxb4 Be1 48.Rcf4 Rf5 49.Rxf5 gxf5 50.Rxf5 Bxb4 51.Qxb4 Re2+
52.Kf1 Qe3 53.Rxf7+ Kxf7 54.Qc4+ Kg6 55.Qxe2 Qh3+ 56.Kg1 Qg3+ 57.Kf1 Qh3+
58.Qg2 Qxh4 59.Qd5 Qh2 60.Qg8+ Kf5 61.Ke1 Qg1+ 62.Ke2 Qg2+ 63.Kd3 Qe4+ 64.Kc3 Qe5+
65.Kc4 Qe4+ 66.Kb5 Qb7+ 67.Kc4 Qe4+ 68.Kc3 Qe5+ 69.Kd3 Qe4+ 70.Kd2 Qf4+  1/2-1/2

[Event "Washington International 2012"]
[Site "Rockville USA"]
[Date "2012.07.28"]
[Round "2"]
[White "Leve,Nitai D"]
[Black "Hunt,A"]
[Result "0-1"]
[WhiteElo "2134"]
[BlackElo "2447"]

1.e4 c5 2.Nf3 e6 3.d4 cxd4 4.Nxd4 a6 5.Nc3 Qc7 6.Bd3 Bc5 7.Nb3 Be7 8.Qe2 d6
9.Be3 Nf6 10.f4 Nc6 11.g4 b5 12.g5 Nd7 13.Qf2 Bb7 14.a4 b4 15.Ne2 Na5 16.Nxa5 Qxa5
17.Bd2 e5 18.Ng3 g6 19.h4 exf4 20.Bxf4 Ne5 21.b3 Bd8 22.Nf1 Nxd3+ 23.cxd3 d5
24.h5 dxe4 25.dxe4 Bb6 26.Be3 Qe5 27.Rc1 Bxe3 28.Nxe3 O-O 29.Qh4 gxh5 30.Rc4 Qa1+
31.Kf2 Qb2+ 32.Rc2 Qxb3 33.Qxh5 Bxe4 34.Rh3 Bg6 35.Qh4 f6 36.gxf6 Qe6 37.Qg3 Rxf6+
38.Kg1 Raf8 39.Rb2 a5 40.Ng4 Rf1+ 41.Kh2 R8f3 42.Qg2 Qd6+ 43.Rg3 h5 44.Rd2 Qxg3+  0-1

[Event "30th Andorra Open"]
[Site "Erts-La Massana AND"]
[Date "2012.07.29"]
[Round "9.13"]
[White "Lillo Castay,V"]
[Black "Solodovnichenko,Y"]
[Result "0-1"]
[WhiteElo "2273"]
[BlackElo "2598"]

1.e4 c5 2.Nf3 e6 3.d4 cxd4 4.Nxd4 a6 5.Nc3 d6 6.f4 b5 7.Bd3 Bb7 8.a3 Nd7
9.Nf3 Ngf6 10.O-O Be7 11.Qe1 Qc7 12.Bd2 g6 13.Kh1 h5 14.Ng5 Nh7 15.Nxh7 Rxh7
16.b4 h4 17.Kg1 h3 18.g3 Bf6 19.a4 Bd4+ 20.Kh1 d5 21.axb5 dxe4 22.Bxe4 Nf6
23.Bf3 Ng4 24.Rxa6 Rxa6 25.bxa6 Bxa6 26.Ne2 Ne3 27.b5 Nxf1 28.Bc6+ Kf8 29.Bb4+ Bc5
30.Bxc5+ Kg8 31.c4 Bb7 32.Nd4 Rh5 33.Bb4 e5 34.fxe5 Bxc6+ 35.bxc6 Rxe5 36.Qxf1 Qb6
37.Bc3 Re3 38.Ba1 Qb4 39.c7 Qb7+ 40.Kg1 Qxc7 41.Nf3 Rxf3 42.Qxf3 Qa7+ 43.c5 Qxa1+
44.Qf1 Qd4+ 45.Qf2 Qe4 46.Qf1 Qd4+ 47.Qf2 Qd3 48.Qf1 Qe3+ 49.Kh1 Qe6 50.Kg1 f6
51.Qf3 Qe1+ 52.Qf1 Qe3+ 53.Kh1 Qe6 54.Kg1 g5 55.Qc1 Qe2 56.Qf1 Qe3+ 57.Kh1 Qe6
58.Kg1 Kg7 59.Kh1 Qc6+ 60.Kg1 Qxc5+ 61.Kh1 Qd5+ 62.Kg1 Qd4+ 63.Kh1 g4  0-1

[Event "Politiken Cup 2012"]
[Site "Helsingor DEN"]
[Date "2012.07.29"]
[Round "3.100"]
[White "Emborg,Jens"]
[Black "Skovgaard,I"]
[Result "0-1"]
[WhiteElo "1649"]
[BlackElo "2006"]

1.e4 c5 2.Nf3 e6 3.d4 cxd4 4.Nxd4 a6 5.Nc3 Qc7 6.Be3 Bb4 7.Qd3 Nf6 8.f3 d5
9.exd5 Nxd5 10.Ne2 Nc6 11.O-O-O Ne5 12.Qe4 Nxe3 13.Qxe3 O-O 14.Nd4 Bd7 15.Bd3 Nxd3+
16.Rxd3 Rac8 17.Rhd1 e5 18.Nde2 Be6 19.a3 Bc5 20.Qd2 b5 21.Ne4 Be7 22.Rc3 Qb6
23.Qe3 Qxe3+ 24.Rxe3 Bc4 25.Kb1 Rfd8 26.Rxd8+ Rxd8 27.N2c3 f5 28.Nf2 Bc5
29.Rxe5 Bxf2 30.Rxf5 Be1 31.Re5 Bxc3 32.bxc3 Rd5 33.Rxd5 Bxd5 34.Kc1 Kf7
35.Kd2 Ke6 36.Ke3 h6 37.g3 Ke5 38.g4 g5 39.h4 a5 40.f4+ gxf4+ 41.Kf2 Ke4  0-1

[Event "Politiken Cup 2012"]
[Site "Helsingor DEN"]
[Date "2012.07.29"]
[Round "3.12"]
[White "Schou Moldt,T"]
[Black "Hillarp Persson,T"]
[Result "0-1"]
[WhiteElo "2222"]
[BlackElo "2575"]

1.e4 c5 2.Nf3 e6 3.d4 cxd4 4.Nxd4 a6 5.Nc3 b5 6.Bd3 Qb6 7.Nf3 Qc7 8.O-O Bb7
9.Re1 Be7 10.e5 f5 11.Bf4 Nh6 12.Nd4 O-O 13.Bxh6 gxh6 14.Qh5 Qb6 15.Nf3 Rf7
16.a4 b4 17.a5 Qc7 18.Ne2 Nc6 19.Ng3 Raf8 20.Qxh6 Rg7 21.Rad1 Nd8 22.Kf1 Nf7
23.Qf4 Rg4 24.Qd2 Qc6 25.Bxf5 exf5 26.Nxf5 Bc5 27.Qxd7 Rxg2 28.Qxc6 Rxf2+
29.Kg1 Bxc6 30.Ne7+ Bxe7 31.Kxf2 Ng5  0-1

[Event "Politiken Cup 2012"]
[Site "Helsingor DEN"]
[Date "2012.07.29"]
[Round "3.66"]
[White "Thogersen,Rasmus"]
[Black "Lofgren,C"]
[Result "1/2-1/2"]
[WhiteElo "1885"]
[BlackElo "2111"]

1.e4 c5 2.Nf3 e6 3.d4 cxd4 4.Nxd4 a6 5.Nc3 b5 6.Bd3 Bb7 7.O-O Nc6 8.Nxc6 Bxc6
9.e5 Qc7 10.Bf4 Ne7 11.Bg3 Ng6 12.Qh5 Qb7 13.f3 Bc5+ 14.Kh1 O-O 15.Ne4 Be7
16.Rad1 Rac8 17.h4 Qc7 18.Rfe1 Qd8 19.Bf4 Bxh4 20.g3 f5 21.exf6 Bxf6 22.Rd2 Nxf4
23.Qxh7+ Kf7 24.Nd6+ Ke7 25.Nf5+ Kf7 26.Nd6+  1/2-1/2

[Event "Dutch Open 2012"]
[Site "Dieren NED"]
[Date "2012.07.30"]
[Round "6.8"]
[White "Colijn,S"]
[Black "Popilski,G"]
[Result "0-1"]
[WhiteElo "2220"]
[BlackElo "2450"]

1.e4 c5 2.Nf3 e6 3.d4 cxd4 4.Nxd4 a6 5.Nc3 Qc7 6.Bd3 Nc6 7.Nxc6 Qxc6 8.Qe2 Bc5
9.O-O b5 10.e5 f5 11.exf6 Nxf6 12.Be3 Bb7 13.f3 O-O 14.Bxc5 Qxc5+ 15.Qf2 Rac8
16.Qxc5 Rxc5 17.a3 Kf7 18.Rad1 Ke7 19.Rfe1 g5 20.Rd2 Rfc8 21.Ne2 Re5 22.Rdd1 h6
23.Nd4 Rxe1+ 24.Rxe1 Kd6 25.c3 Rc5 26.Kf2 h5 27.Ra1 e5 28.Nb3 Rc8 29.a4 Bd5
30.Nd2 Rb8 31.axb5 axb5 32.Ra6+ Ke7 33.Ra5 Rf8 34.Rxb5 d6 35.c4 Bc6 36.Rb6 Kd7
37.Ra6 Rb8 38.b3 g4 39.Ra7+ Ke6 40.Bg6 gxf3 41.gxf3 h4 42.Bf7+ Kf5 43.Ra6 Rc8
44.Ra7 Rb8 45.Ke3 d5 46.cxd5 Nxd5+ 47.Bxd5 Bxd5 48.Ra5 Ke6 49.Ra6+ Kf5 50.Rd6 Bxb3
51.Ne4 Be6 52.Nc5 Bc4 53.Ne4 Rb3+ 54.Kf2 Be6 55.Nc5 Rb2+ 56.Ke3 Bc4 57.Rd2 Rxd2
58.Kxd2 Kf4 59.Nd7 Bb5 60.Nf8 Kf5 61.Ke3 Bc6 62.Nh7 Bb7 63.Nf8 Bc8 64.Nh7 Kg6
65.f4 Kxh7  0-1

[Event "Politiken Cup 2012"]
[Site "Helsingor DEN"]
[Date "2012.07.30"]
[Round "4.31"]
[White "Kramer,Julian"]
[Black "Haugli,P"]
[Result "1/2-1/2"]
[WhiteElo "2048"]
[BlackElo "2318"]

1.e4 c5 2.Nf3 e6 3.d4 cxd4 4.Nxd4 a6 5.Nc3 Qc7 6.Bd3 Nf6 7.f4 Bb4 8.Nb3 d6
9.O-O Nbd7 10.Qe1 O-O 11.Kh1 b6 12.Qg3 Bxc3 13.bxc3 Bb7 14.e5 dxe5 15.fxe5 Qxe5
16.Bf4 Qh5 17.Rae1 Rfe8 18.h3 e5 19.Bg5 e4 20.Bc4 Qg6 21.Qc7 Rac8 22.Bxf7+ Qxf7
23.Qxb7 Rxc3 24.Bxf6 Nxf6 25.Qxa6 Rxc2 26.Qxb6 Rxa2 27.Nd4 e3 28.Nf5 Qd5
29.Rf3 Qd2 30.Rg1 Qb2 31.Qxb2 Rxb2 32.Nxe3  1/2-1/2

[Event "Tabor Open 2012"]
[Site "Tabor CZE"]
[Date "2012.07.30"]
[Round "2.4"]
[White "Pravdik,K"]
[Black "Hausner,I"]
[Result "1/2-1/2"]
[WhiteElo "2092"]
[BlackElo "2408"]

1.e4 c5 2.Nf3 e6 3.d4 cxd4 4.Nxd4 a6 5.Nc3 Qc7 6.Be2 Nf6 7.O-O d6 8.a4 Nc6
9.Kh1 Be7 10.f4 O-O 11.Be3 Rb8 12.Bf3 Na5 13.Qe1 Nc4 14.b3 Nxe3 15.Qxe3 Qc5
16.e5 dxe5 17.fxe5 Nd7 18.Rae1 Rd8 19.Ne4 Qxe5 20.Qf2 Nf6 21.c3 Qc7 22.Bd1 Rf8
23.Bc2 Nxe4 24.Rxe4 Qxc3 25.Rg4 f5 26.Rg3 Qc7 27.Qe2 Kh8 28.Nxe6 Bxe6 29.Qxe6 Qxc2
30.Qxe7 Qb2 31.h3 Qf6 32.Re1 Qf7 33.Qb4 f4 34.Rf3 b5 35.Re4 g5 36.Re7 Qf6
37.Qe4 Qf5 38.Qd4+ Qf6 39.Qe4 Qf5 40.Qd4+  1/2-1/2

[Event "Politiken Cup 2012"]
[Site "Helsingor DEN"]
[Date "2012.07.31"]
[Round "5.89"]
[White "Rasmussen,Jonas H"]
[Black "Pallesen,Ja"]
[Result "0-1"]
[WhiteElo "1673"]
[BlackElo "1975"]

1.e4 c5 2.Nf3 e6 3.d4 cxd4 4.Nxd4 a6 5.Nc3 Nc6 6.Nxc6 bxc6 7.Bf4 d5 8.exd5 cxd5
9.Bd3 Nf6 10.O-O Bd6 11.Bxd6 Qxd6 12.Re1 O-O 13.Bf1 Qb4 14.Rb1 Bd7 15.a3 Qb6
16.g3 Rfc8 17.Bg2 Bb5 18.Nxb5 Qxb5 19.Qd2 Qc5 20.Rec1 Rab8 21.c3 Rb3 22.Qe3 Qxe3
23.fxe3 g6 24.Rc2 Ng4 25.Re1 Ne5 26.Ree2 f5 27.Bf1 Nc4 28.a4 a5 29.Kf2 Rcb8
30.Kf3 Nxb2 31.Red2 Nxa4 32.Ra2 Nxc3 33.Rxa5 Ne4 34.Rd4 Rb2 35.Be2 g5 36.Ra7 e5
37.Rxd5 g4+ 38.Kg2 Rxe2+ 39.Kf1 Rf2+ 40.Ke1 Rxh2 41.Rd1 Rh1+ 42.Ke2 Rb2+
43.Kd3 Rxd1+ 44.Kc4 Rc2+ 45.Kb3 Rc3+ 46.Kb2 Rd2+ 47.Kb1 Rxe3 48.Rc7 Re1+
49.Rc1 Nc3+ 50.Ka1 Ra2+  0-1

[Event "Washington International 2012"]
[Site "Rockville USA"]
[Date "2012.08.01"]
[Round "9"]
[White "Leve,Nitai D"]
[Black "Black,James A"]
[Result "1-0"]
[WhiteElo "2134"]
[BlackElo "2232"]

1.e4 c5 2.Nf3 e6 3.d4 cxd4 4.Nxd4 a6 5.Nc3 Qc7 6.Bd3 Nf6 7.O-O Bd6 8.h3 Nc6
9.Nxc6 dxc6 10.f4 e5 11.f5 Bc5+ 12.Kh2 h5 13.Bg5 b5 14.Be2 b4 15.Bxf6 bxc3
16.Bxg7 Rg8 17.Bf6 cxb2 18.Rb1 Rb8 19.Bxh5 Bd4 20.g4 c5 21.g5 Rb6 22.Qf3 Rxf6
23.gxf6 Qa5 24.Rfd1 c4 25.Qe2 Qc3 26.Bg4 Bd7 27.Rxd4 exd4 28.e5 Ba4 29.e6 Qxc2
30.Qxc2 Bxc2 31.Rxb2 Bb3 32.axb3 c3 33.Ra2 Kd8 34.Ra4 Kc7 35.Rxd4 Rd8 36.Rxd8 c2
37.Rd1  1-0

[Event "Politiken Cup 2012"]
[Site "Helsingor DEN"]
[Date "2012.08.03"]
[Round "8.95"]
[White "Haldorsen,Benjamin"]
[Black "Tandrup,M"]
[Result "1-0"]
[WhiteElo "1811"]
[BlackElo "1955"]

1.e4 c5 2.Nc3 e6 3.Nf3 a6 4.d4 cxd4 5.Nxd4 Nc6 6.Be2 Bc5 7.Nb3 Ba7 8.O-O b5
9.Bf3 Ne5 10.Bf4 Qf6 11.Be3 Bxe3 12.fxe3 Qg5 13.Qd4 Ne7 14.h4 Nxf3+ 15.Rxf3 Qh5
16.Qxg7 Rg8 17.Qf6 Nf5 18.Rxf5 exf5 19.Nd5 Rxg2+ 20.Kxg2 Qe2+ 21.Kg1 Qg4+
22.Kf2  1-0